000 00913nam a2200277 i 4500
001 bg
003 BPK
005 20240823062831.0
008 050317s2004 pl a f |000 0 pol
015 _aPB 2014/5306
020 _a8372514305
040 _aWA N
_cBPK
080 _a658.8
080 _a(07)
100 1 _aDembińska-Cyran, Izabela.
245 1 0 _aZarządzanie relacjami z klientem /
_cIzabela Dembińska-Cyran, Joanna Hołub-Iwan, Józef Perenc.
260 _aWarszawa :
_bCentrum Doradztwa i Informacji Difin,
_c2004.
300 _a472 s. :
_bil. ;
_c23 cm.
655 4 _aPodręcznik
650 4 _aMarketing partnerski
700 1 _aHołub-Iwan, Joanna
700 1 _aPerenc, Józef
_d(1945- ).
710 2 _aDifin
_4pbl.
856 _uhttp://koha.tu.koszalin.pl/cgi-bin/koha/opac-detail.pl?biblionumber=44843
_yKatalog online BPK
942 _2UKD
_cKS
999 _c44843
_d44843